Catálogo
 En Linea

Dinámicas comunales y procesos de articulación social : (Registro nro. 14031)

Detalles MARC
000 -CABECERA
campo de control de longitud fija 01244cam a2200229 a 4500
001 - NÚMERO DE CONTROL
campo de control 000014441
005 - FECHA Y HORA DE LA ÚLTIMA TRANSACCIÓN
campo de control 20200929163843.0
008 - DATOS DE LONGITUD FIJA--INFORMACIÓN GENERAL
campo de control de longitud fija 920810s1991 ve ab b 001 0 spa
020 ## - NÚMERO INTERNACIONAL ESTÁNDAR DEL LIBRO
Número Internacional Estándar del Libro 9806004825
040 ## - FUENTE DE LA CATALOGACIÓN
Centro catalogador/agencia de origen DO-SdBNP
Lengua de catalogación spa
Centro/agencia transcriptor BNPHU
082 ## - NÚMERO DE LA CLASIFICACIÓN DECIMAL DEWEY
Número de clasificación 307.1487
Número de documento/Ítem H967d
100 1# - ENTRADA PRINCIPAL--NOMBRE DE PERSONA
Nombre de persona Hurtado Salazar, Samuel
9 (RLIN) 32577
245 10 - MENCIÓN DE TÍTULO
Título Dinámicas comunales y procesos de articulación social :
Resto del título las organizaciones populares /
Mención de responsabilidad, etc. Samuel Hurtado Salazar.
260 ## - PUBLICACIÓN, DISTRIBUCIÓN, ETC.
Lugar de publicación, distribución, etc. Caracas, Venezuela :
Nombre del editor, distribuidor, etc. Fondo Editorial Tropykos :
-- Asociación de Profesores de la U.C.V.,
Fecha de publicación, distribución, etc. 1991.
300 ## - DESCRIPCIÓN FÍSICA
Extensión 185 p. :
Otras características físicas il., mapas ;
Dimensiones 21 cm.
500 ## - NOTA GENERAL
Nota general Esta investigación de realizó en el Departamento de Antropología del Instituto Venezolano de Investigaciones Científicas, como trabajo para obtar al título de "Magister Scientiarum" en Antropología social, durante los años 1981 y 1982.
504 ## - NOTA DE BIBLIOGRAFÍA, ETC.
Nota de bibliografía, etc. Incluye referencias bibliográficas (p. 161-168).
650 #4 - PUNTO DE ACCESO ADICIONAL DE MATERIA--TÉRMINO DE MATERIA
Término de materia o nombre geográfico como elemento de entrada Desarrollo de la comunidad
Subdivisión geográfica Caracas, (Venezuela{Rpara}
9 (RLIN) 32578
650 #4 - PUNTO DE ACCESO ADICIONAL DE MATERIA--TÉRMINO DE MATERIA
Término de materia o nombre geográfico como elemento de entrada Participación social
Subdivisión geográfica Caracas, (Venezuela{Rpara}
9 (RLIN) 32579
650 #4 - PUNTO DE ACCESO ADICIONAL DE MATERIA--TÉRMINO DE MATERIA
Término de materia o nombre geográfico como elemento de entrada Organizaciones no gubernamentales
Subdivisión geográfica Venezuela
9 (RLIN) 32580
710 2# - PUNTO DE ACCESO ADICIONAL--NOMBRE DE ENTIDAD CORPORATIVA
Nombre de entidad corporativa o nombre de jurisdicción como elemento de entrada Instituto Venezolano de Investigaciones Científicas
Unidad subordinada Departamento de Antropología
9 (RLIN) 32581
Existencias
Estado de retiro Estado de pérdida Restricciones de uso No para préstamo Código de colección Localización permanente Ubicación/localización actual Ubicación en estantería Fecha de adquisición Número de inventario Total de préstamos Signatura topográfica completa Código de barras Fecha visto por última vez Precio válido a partir de Tipo de ítem Koha
      Excluido de préstamo Monografías: Libros y Folletos General General En catalogación 14.12.2009 LF1   307.1487 H967d 14441-10 25.06.2020 25.06.2020 No se presta

Con tecnología Koha